00347nam a2200145Ia 4500008004100000020001500041041000800056082001600064100001900080245003300099250000600132260003300138300000800171650002200179210716s2006 xx 000 0 und d a1580621171 aeng a650.14 VERP aVeruki, Peter. a250 job interview questions. a1 aNew DelhibAdams mediac2006 a192 aGeneral Knowledge